1127 1404 1786 1845 1626 1663 1790 1997 1436 1764 1507 1858 1993 1860 1098 1334 1974 1914 1319 1861 1697 1158 1532 1020 1918 1862 1618 1367 1726 1034 1259 1049 1107 1993 1722 1370 1377 1905 1684 1877 1709 1026 1457 1938 1619 1005 1341 1111 1018 1875 1957 1158 1774 1241 1988 1059 1856 1023 1478 1495 1933 1976 1556 1722 1190 1314 1842 1480 1536 1072 1840 1220 1217 1008 1205 1793 1003 1412 1857 1133 1731 1193 1921 1187 1395 1981 1392 1931 1445 1305 1442 1789 1868 1004 1336 1771 1585 1639 1638 BCNSPRNW ULIB Ver.6.0+V

เปลี่ยนเป็นภาษาไทย

Change to English
 แสดงรายละเอียดบรรณานุกรม
  กลับหน้าหลัก

Brief Record : Get Marc (ISO 2709) : E-mail record : QR code < ปิดหน้าต่าง
LEADER : 00000nam a2200265 a 4500
001    13399113683
003     ULIB
008    110803s2553 th a 000 0 tha d
020    ^a9789747810448
060  4 ^aWS280^bน237
245 00 ^aแนวทางการบำบัดรักษาทางระบบหายใจในเด็ก :^bชมรมโรคระบบหายใจและเวชบำบัดวิกฤติในเด็กแห่งประเทศไทย ราชวิทยาลัยกุมารแพทยืแห่งประเทศไทย
250    ^aพิมพ์ครั้งที่ 1
260    ^aกรุงเทพฯ :^bราชวิทยาลัยกุมารแพทยืแห่งประเทศไทย ,^c2553
300    ^a87 หน้า :^bภาพประกอบ ;^c21 ซม.
650  4 ^aทางเดินอากาศหายใจ, การติดเชื้อ^xในวัยทารกและเด็ก
650  4 ^aระบบหายใจ^xโรค^xในวัยทารกและเด็ก^xการวินิจฉัย
650  4 ^aระบบหายใจ^xโรค^xในวัยทารกและเด็ก^xการรักษา
650  4 ^aทางเดินอากาศหายใจ, โรค^xในวัยทารกและเด็ก^xการวินิจฉัย
650  4 ^aทางเดินอากาศหายใจ, โรค^xในวัยทารกและเด็ก^xการรักษา
710 2  ^aชมรมโรคระบบหายใจและเวชบำบัดวิกฤตในเด็กแห่งประเทศไทย.
710 2  ^a ราชวิทยาลัยกุมารแพทย์แห่งประเทศไทย
945    ^p0^l0^i030819
945    ^p0^l0^i030820
945    ^p0^l0^i039679
945    ^p0^l0^i039680
945    ^p0^l0^i039681
945    ^p0^l0^i039682
945    ^p0^l0^i039667
945    ^p0^l0^i039705
945    ^p0^l0^i039706
945    ^p0^l0^i039707
995    ^aเกษร
999 ^a ใช้งานได้ทุกระบบ
รายการนี้ยังไม่มีแท็ก
คุณยังไม่ได้ล็อกอิน คุณสามารถมีกิจกรรมร่วมกับเว็บไซต์ได้ แต่ต้องล็อกอินก่อน ::
  ล็อกอิน

รายการสื่อสารสนเทศ

ลำดับที่ ประเภท เลขเรียก/บาร์โค้ด สถานที่ สถานะ
1. วิทยาศาสตร์การแพทย์ และสุขภาพ
หนังสือสำรอง
สถานะ=หนังสือสำรอง
WS280 น237 ฉ.1 
  Barcode: 030819
ห้องสมุดวิทยาเขตสวรรค์ประชารักษ์
►ส่วนจัดเก็บหนังสือเก่า สปร
บนชั้น
  ขอยืม
2. วิทยาศาสตร์การแพทย์ และสุขภาพ
วิทยาศาสตร์การแพทย์ และสุขภาพ
WS280 น237 ฉ.10 
  Barcode: 039707
ห้องสมุดวิทยาเขตสวรรค์ประชารักษ์
►หนังสือทั่วไป
บนชั้น
3. วิทยาศาสตร์การแพทย์ และสุขภาพ
วิทยาศาสตร์การแพทย์ และสุขภาพ
WS280 น237 ฉ.2 
  Barcode: 030820
ห้องสมุดวิทยาเขตสวรรค์ประชารักษ์
►ส่วนจัดเก็บหนังสือเก่า สปร
บนชั้น
  ขอยืม
4. วิทยาศาสตร์การแพทย์ และสุขภาพ
วิทยาศาสตร์การแพทย์ และสุขภาพ
WS280 น237 ฉ.3 
  Barcode: 039679
ห้องสมุดวิทยาเขตสวรรค์ประชารักษ์
►ส่วนจัดเก็บหนังสือเก่า สปร
บนชั้น
  ขอยืม
5. วิทยาศาสตร์การแพทย์ และสุขภาพ
วิทยาศาสตร์การแพทย์ และสุขภาพ
WS280 น237 ฉ.4 
  Barcode: 039680
ห้องสมุดวิทยาเขตสวรรค์ประชารักษ์
►ส่วนจัดเก็บหนังสือเก่า สปร
บนชั้น
  ขอยืม
6. วิทยาศาสตร์การแพทย์ และสุขภาพ
วิทยาศาสตร์การแพทย์ และสุขภาพ
WS280 น237 ฉ.5 
  Barcode: 039681
ห้องสมุดวิทยาเขตสวรรค์ประชารักษ์
►ส่วนจัดเก็บหนังสือเก่า สปร
บนชั้น
  ขอยืม
7. วิทยาศาสตร์การแพทย์ และสุขภาพ
วิทยาศาสตร์การแพทย์ และสุขภาพ
WS280 น237 ฉ.6 
  Barcode: 039682
ห้องสมุดวิทยาเขตสวรรค์ประชารักษ์
►หนังสือทั่วไป
บนชั้น
8. วิทยาศาสตร์การแพทย์ และสุขภาพ
วิทยาศาสตร์การแพทย์ และสุขภาพ
WS280 น237 ฉ.7 
  Barcode: 039667
ห้องสมุดวิทยาเขตสวรรค์ประชารักษ์
►ส่วนจัดเก็บหนังสือเก่า สปร
บนชั้น
  ขอยืม
9. วิทยาศาสตร์การแพทย์ และสุขภาพ
วิทยาศาสตร์การแพทย์ และสุขภาพ
WS280 น237 ฉ.8 
  Barcode: 039705
ห้องสมุดวิทยาเขตสวรรค์ประชารักษ์
►หนังสือทั่วไป
บนชั้น
10. วิทยาศาสตร์การแพทย์ และสุขภาพ
วิทยาศาสตร์การแพทย์ และสุขภาพ
WS280 น237 ฉ.9 
  Barcode: 039706
ห้องสมุดวิทยาเขตสวรรค์ประชารักษ์
►หนังสือทั่วไป
บนชั้น

BibComment


ยังไม่เคยถูกคอมเมนท์

คอมเมนท์ทรัพยากรรายการนี้
  คอมเมนท์: แนวทางการบำบัดรั..


 Copyright 2026. Bcnsprnw @Library